Designer Fragrances A-Z - Statistics

General Stats
  • This quiz has been taken 106 times
  • The average score is 15 of 26
Answer Stats
Letter Brand Answer % Correct
E Versace Eros
85%
S Dior Sauvage
85%
Y Yves Saint Laurent Y
80%
L Jean Paul Gaultier Le Male
76%
I Louis Vuitton Imagination
72%
C Davidoff Cool Water
70%
H Dior Homme
70%
W Azzaro Wanted
67%
B Chanel Bleu de Chanel
66%
M YSL Myself
63%
F Dior Fahrenheit
61%
J Maison Margiela Jazz Club
61%
D Versace Dylan Blue
59%
K Dolce & Gabbana K
59%
P Louis Vuitton Pacific Chill
56%
R Polo Red
55%
G Givenchy Gentleman
52%
O Tom Ford Ombre Leather
52%
T Tom Ford Tobacco Vanille
52%
N Tom Ford Noir
47%
A Giorgio Armani Acqua Di Gio
46%
Q Dolce & Gabbana Q
45%
U Valentino Uomo Born in Roma
40%
V Tom Ford Vanilla
30%
Z Davidoff Zino
14%
X Givenchy Xeryus
9%
No matching quizzes found
Score Distribution
Percent of People with Each Score
Percentile by Number Answered
Your Score History
You have not taken this quiz